000 00540nam a2200133Ia 4500
005 20260209120147.0
008 260209s9999||||xx |||||||||||||| ||und||
100 _aAnkita Singh
245 0 _aCan prostitution be termed as a profession? A study and critique of the immoral traffic prevention act, 1956.
260 _aBangaloreBangalore
_bNLSIU, Bangalore
_c2023
300 _a44 p. ; 25 cm.
700 _aProf. Kamala Sankaran – Supervisor Prof. Kamala Sankaran – Supervisor
856 _uhttps://dans.nls.ac.in/handle/123456789/1187
999 _c217581
_d217581